书目信息 |
| 题名: |
聚合物流变学
|
|
| 作者: | 尼尔森 , Nielsen 著 ;范庆荣 , 宋家琪 译 | |
| 分册: | ||
| 出版信息: | 北京 科学出版社 1983 |
|
| 页数: | 128页 | |
| 开本: | 19cm | |
| 丛书名: | ||
| 单 册: | ||
| 中图分类: | O631.2 | |
| 科图分类: | ||
| 主题词: | 高聚物-流变学 , 流变学-高聚物 | |
| 电子资源: | ||
| ISBN: | ||
| 000 | 00892nam0 2200313 45 | |
| 001 | 0183006695 | |
| 005 | 20040524112710.3 | |
| 010 | @dCNY0.68 | |
| 091 | @a13031.2323 | |
| 100 | @a19950724d1983 em y0chiy0121 ea | |
| 101 | 1 | @achi@ceng |
| 102 | @aCN@b110000 | |
| 105 | @ay 000yy | |
| 106 | @ar | |
| 200 | 10 | @a聚合物流变学@Aju he wu liu bian xue@f(美)尼尔生(L.E.Neilsin,L.E)著@g范庆荣, 宋家琪译 |
| 210 | @a北京@c科学出版社@d1983 | |
| 215 | @a128页@d19cm | |
| 300 | @a书名原文:Polymer rheology | |
| 510 | 1 | @aPolymer rheology@zeng |
| 606 | @a高聚物-流变学 | |
| 606 | @a流变学-高聚物 | |
| 690 | @aO631.2@v3 | |
| 701 | 1 | @a尼尔森@Ani er sen@bL.E.@4著 |
| 701 | A1 | @aNielsen@bL.E.@4著 |
| 702 | 0 | @a范庆荣@Afan qing rong@4译 |
| 702 | 0 | @a宋家琪@Asong jia qi@4译 |
| 801 | 0 | @aCN@b上海图书馆@c20040524 |
| 801 | 2 | @aCN@bNLC@c20040524 |
| 905 | @f2@b93276-277@dO631.2@e12 | |
| 聚合物流变学/(美)尼尔生(L.E.Neilsin,L.E)著/范庆荣, 宋家琪译.-北京:科学出版社,1983 |
| 128页;19cm |
| 书名原文:Polymer rheology |
| ISBN :CNY0.68 |
| ● |
| 相关链接 |
|
|
|
|
正题名:聚合物流变学
索取号:O631.2/12
 
预约/预借
| 序号 | 登录号 | 条形码 | 馆藏地/架位号 | 状态 | 备注 |
| 1 | 0093276 | 000351041 | 第三借阅区/ [索取号:O631.2/12] | 在馆 | |
| 2 | 0093277 | 000351050 | 第三借阅区/ [索取号:O631.2/12] | 在馆 |